| 000 | 03402cam a2200517 i 4500 | ||
|---|---|---|---|
| 001 | 200468126 | ||
| 003 | TR-AnTOB | ||
| 005 | 20260415153155.0 | ||
| 007 | ta | ||
| 008 | 260415s1969 nyua b 001 0 eng | ||
| 010 | _a 69016082 | ||
| 015 |
_aGB7020094 _2bnb |
||
| 016 | 7 |
_a0216300 _2DNLM |
|
| 016 | 7 |
_a001343137 _2Uk |
|
| 024 | 7 |
_ahttp://catalogue.bnf.fr/ark:/12148/cb35340848m _2uri |
|
| 035 | _a(CaAwUCM)12469-01ucs_ucm | ||
| 035 |
_a(OCoLC)00012469 _z(OCoLC)849911837 _z(OCoLC)975925419 _z(OCoLC)977272228 _z(OCoLC)989178822 _z(OCoLC)992079662 _z(OCoLC)1017269853 _z(OCoLC)1030060823 _z(OCoLC)1043972801 _z(OCoLC)1055427168 _z(OCoLC)1056260519 _z(OCoLC)1060752129 _z(OCoLC)1075377823 _z(OCoLC)1078863729 _z(OCoLC)1078975846 _z(OCoLC)1082097668 _z(OCoLC)1086755992 _z(OCoLC)1089870352 _z(OCoLC)1101264891 _z(OCoLC)1108955665 _z(OCoLC)1154393162 _z(OCoLC)1198208423 _z(OCoLC)1200991785 _z(OCoLC)1201004237 _z(OCoLC)1201613286 _z(OCoLC)1201628110 _z(OCoLC)1201635978 _z(OCoLC)1201874673 _z(OCoLC)1201941078 _z(OCoLC)1201978117 _z(OCoLC)1201983070 _z(OCoLC)1201986795 _z(OCoLC)1233226047 _z(OCoLC)1253684857 _z(OCoLC)1256460343 _z(OCoLC)1262066103 _z(OCoLC)1270599602 _z(OCoLC)1271077362 _z(OCoLC)1291453893 _z(OCoLC)1295782708 _z(OCoLC)1296025904 _z(OCoLC)1302657338 _z(OCoLC)1309548350 _z(OCoLC)1320832118 _z(OCoLC)1320836642 _z(OCoLC)1321761204 _z(OCoLC)1331615531 _z(OCoLC)1347319558 _z(OCoLC)1389644228 _z(OCoLC)1394091616 _z(OCoLC)1397774462 _z(OCoLC)1434403264 _z(OCoLC)1552994132 |
||
| 035 | _a(OCoLC)ocm00012469 | ||
| 035 | _a(EXLNZ-01UCS_NETWORK)9912328448206531 | ||
| 035 | _a(TR-AnTOB)200468126 | ||
| 040 |
_aDLC _beng _erda _cDLC _dUKM _dOCLCQ _dNLM _dLVB _dXTL _dAU@ _dNIALS _dCPE _dMLN _dT7B _dUKMGB _dOCLCF _dJYJ _dOCLCQ _dOCL _dOCLCQ _dI8M _dOCLCO _dCNUTO _dOCLCQ _dMWB _dMFM _dOCLCO _dOCLCA _dYT6 _dX$@ _dU3G _dOCLCQ _dCOH _dOCLCO _dOCLCQ _dZD0 _dOCLCO _dY4Z _dOCLCO _dOCL _dJ9U _dOCLCO _dOCLCL _dOCLCQ _dUAB _dCNKUC _dCLO _dOCLCO _dOCLCQ _dTR-AnTOB |
||
| 041 | 0 | _aeng | |
| 043 | _an-us--- | ||
| 045 | _at8x1 | ||
| 050 | 0 | 4 |
_aHN57 _b.F876 1969 |
| 072 | 7 |
_aht _2rero |
|
| 072 | 7 |
_aso _2rero |
|
| 072 | 7 |
_aga _2SzZuIDS BS/BE |
|
| 072 | 7 |
_awg _2SzZuIDS BS/BE |
|
| 090 |
_aHN57 _b.F876 1969 |
||
| 100 | 1 |
_aFurnas, J. C. _q(Joseph Chamberlain), _d1905-2001 _eauthor _4aut _0http://id.loc.gov/authorities/names/n50016780 _9153681 |
|
| 245 | 1 | 4 |
_aThe Americans : _ba social history of the United States, 1587-1914 / _cby J.C. Furnas. |
| 264 | 1 |
_aNew York : _bG. P. Putnam's Sons, _c1969. |
|
| 300 |
_a1015 pages : _billustrations ; _c24 cm |
||
| 336 |
_atext _btxt _2rdacontent |
||
| 337 |
_aunmediated _bn _2rdamedia |
||
| 338 |
_avolume _bnc _2rdacarrier |
||
| 504 | _aBIBINDX | ||
| 505 | 0 | _aThe big water and the big woods : John Smith's America -- Outlandersland : William Penn's America -- At home abroad : William Byrd II's America -- Thirteen prosper : Benjamin Franklin's America -- The American, this new man : Oliver Evans' America -- Ideas and the almighty dollar : Abraham Lincoln's America -- A chromo civilization : Horatio Alger's America -- The midway age : Mr. Dooley's America. | |
| 520 | _aBuilds a sense of the character in an intimate view of American life. | ||
| 651 | 0 |
_aUnited States _xSocial conditions _0http://id.loc.gov/authorities/subjects/sh85140511 _9133689 |
|
| 651 | 0 |
_aUnited States _xHistory _0http://id.loc.gov/authorities/subjects/sh85140130 _96238 |
|
| 942 |
_2lcc _cBK |
||
| 999 |
_c200468126 _d86338 |
||